LEADER 01510nam0 22003733i 450 001 RMS0191338 005 20251003044344.0 010 $a047148637X 010 $a9780471486374 100 $a20120403d2003 ||||0itac50 ba 101 | $aeng 102 $agb 181 1$6z01$ai $bxxxe 182 1$6z01$an 200 1 $aSolar technologies for buildings$fEicker Ursula 210 $aChichester$cWiley$dc2003 215 $aXII, 323 p.$d25 cm 312 $aTitolo originale: Solare technologien fu?r geba?ude$9NAP0532316 500 10$aSolare technologien fu?r geba?ude$3NAP0532316$9RMSV067101$91574847 606 $aSole$xEnergia$xImpiego in edilizia$2FIR$3CFIC010453$9I 606 $aImpianti solari$2FIR$3CFIC010523$9E 676 $a697$9INGEGNERIA DEL RISCALDAMENTO, DELL'AREAZIONE, DEL CONDIZIONAMENTO D'ARIA$v14 676 $a697.78$9INGEGNERIA DEL RISCALDAMENTO, DELLA VENTILAZIONE, DELL'ARIA CONDIZIONATA. RISCALDAMENTO SOLARE$v22 696 $aImpiego$aEdilizia 699 $aImpiego in edilizia$xImpiego$xEdilizia 700 1$aEicker$b, Ursula$3RMSV067101$4070$0771664 801 3$aIT$bIT-000000$c20120403 850 $aIT-BN0095 901 $bNAP 01$cSALA DING $n$ 912 $aRMS0191338 950 0$aBiblioteca Centralizzata di Ateneo$b1 v.$c1 v.$d 01SALA DING 697 EIC.so$e 0102 0000092065 VMA A4 1 v.$fY $h20120402$i20120403 977 $a 01 996 $aSolare technologien fu?r geba?ude$91574847 997 $aUNISANNIO